[Event "Budapest FS09 FM-A"]
[Site "Budapest"]
[Date "2015.09.09"]
[Round "5"]
[White "Bodrogi, Laszlo"]
[Black "Bensaid, Simon"]
[Result "1/2-1/2"]
[WhiteElo "1921"]
[BlackElo "1894"]
[PlyCount "83"]
[EventDate "2015.09.05"]
[EventType "tourn"]
[EventRounds "9"]
[EventCountry "HUN"]
[EventCategory "2"]
[SourceTitle "EXT 2016"]
[Source "ChessBase"]
[SourceDate "2015.10.08"]
[SourceVersion "1"]
[SourceVersionDate "2015.10.08"]
[SourceQuality "1"]

1. e4 c6 2. d4 d5 3. exd5 cxd5 4. c4 Nc6 5. Nf3 Nf6 6. Nc3 Bg4 7. cxd5 Nxd5 8. Qb3 Bxf3 9. gxf3 e6 10. Qxb7 Nxd4 11. Bb5+ Nxb5 12. Qc6+ Ke7 13. Qxb5 Nxc3 14. bxc3 Rb8 15. Qc5+ Ke8 16. Qxa7 Bd6 17. Be3 Ra8 18. Qb6 Qxb6 19. Bxb6 Ra3 20. Ke2 Kd7 21. Rhd1 Kc6 22. Bd4 e5 23. Be3 Rha8 24. Rd2 Rxc3 25. a4 Bc5 26. a5 Bxe3 27. fxe3 Rc5 28. a6 Ra7 29. Kf2 Kc7 30. h4 Rc6 31. Rda2 Rc5 32. Kg3 Rc6 33. Kg4 Kd7 34. Kf5 f6 35. h5 Ke7 36. Rg2 Kf7 37. Rag1 Kf8 38. Rb2 Rcxa6 39. Rb8+ Kf7 40. Rh8 h6 41. Rh7 Kf8 42. Rh8+ 1/2-1/2

[Event "Budapest FS09 FM-A"]
[Site "Budapest"]
[Date "2015.09.08"]
[Round "4"]
[White "Reh, Philipp"]
[Black "Bodrogi, Laszlo"]
[Result "1-0"]
[WhiteElo "2035"]
[BlackElo "1921"]
[PlyCount "131"]
[EventDate "2015.09.05"]
[EventType "tourn"]
[EventRounds "9"]
[EventCountry "HUN"]
[EventCategory "2"]
[SourceTitle "EXT 2016"]
[Source "ChessBase"]
[SourceDate "2015.10.08"]
[SourceVersion "1"]
[SourceVersionDate "2015.10.08"]
[SourceQuality "1"]

1. g3 e5 2. Bg2 Nf6 3. d3 Nc6 4. Nf3 Bc5 5. 0-0 d6 6. Nc3 a5 7. Bg5 h6 8. Bxf6 gxf6 9. e3 Ba7 10. Nh4 f5 11. Nd5 Nb4 12. Qh5 Nxd5 13. Bxd5 Qf6 14. Kh1 c6 15. Bg2 Rg8 16. f4 Bxe3 17. Rae1 Bb6 18. fxe5 dxe5 19. Nf3 Be6 20. Nxe5 0-0-0 21. Nc4 Bc7 22. Qe2 h5 23. Qe3 Kb8 24. Ne5 h4 25. d4 hxg3 26. hxg3 Qg7 27. c3 Qxg3 28. Qxg3 Rxg3 29. Rf3 Rh8+ 30. Kg1 Rhg8 31. Rxg3 Rxg3 32. Kf2 Rg8 33. a3 Kc8 34. Re2 Kd8 35. Bf3 f6 36. Nxc6+ Kd7 37. d5 Bxd5 38. Bxd5 Rh8 39. Nd4 b6 40. Nxf5 Be5 41. Rd2 Rh2+ 42. Bg2+ Kc7 43. a4 Rh8 44. Ne7 Rf8 45. Nd5+ Kb7 46. Nf4+ Kc8 47. Bh3+ Kb7 48. Ne6 Rh8 49. Bg2+ Kc8 50. Rd3 Bc7 51. Nxc7 Kxc7 52. Rd5 Rh7 53. Rf5 Rh6 54. b3 Kd7 55. Rb5 Kc7 56. Bf3 Rh2+ 57. Ke3 Rh7 58. Kf4 Rh4+ 59. Ke3 Rh7 60. c4 Rh6 61. c5 bxc5 62. Rxa5 Kd6 63. Ra6+ Ke5 64. Rc6 Rh4 65. Rxc5+ Ke6 66. Rb5 1-0

[Event "HUN-chT2 Maroczy 1415"]
[Site "Hungary"]
[Date "2015.03.22"]
[Round "8"]
[White "Hajdu, Zoltan"]
[Black "Bodrogi, Laszlo"]
[Result "0-1"]
[WhiteElo "1882"]
[BlackElo "1986"]
[PlyCount "70"]
[EventDate "2014.10.12"]
[EventType "team-tourn"]
[EventRounds "9"]
[EventCountry "HUN"]
[SourceTitle "EXT 2016"]
[Source "ChessBase"]
[SourceDate "2015.10.08"]
[SourceVersion "1"]
[SourceVersionDate "2015.10.08"]
[SourceQuality "1"]
[WhiteTeam "Miskolc KisBocsok"]
[BlackTeam "Magyar Sakkvilag"]
[WhiteTeamCountry "HUN"]
[BlackTeamCountry "HUN"]

1. d4 e6 2. Nc3 c5 3. d5 exd5 4. Nxd5 Nc6 5. e4 d6 6. Nf3 Nge7 7. Bg5 f6 8. Bf4 Ng6 9. Bd2 Be6 10. Bc4 Qd7 11. Bc3 Bxd5 12. Qxd5 Nf4 13. Qd2 Nxg2+ 14. Kf1 Qh3 15. Ke2 0-0-0 16. Rhg1 Ne5 17. Bxe5 dxe5 18. Bd5 Nf4+ 19. Ke3 Qh6 20. Ng5 Nxd5+ 21. exd5 fxg5 22. Qa5 g4+ 23. Ke2 Qf4 24. Qxa7 Bd6 25. Rg3 Qc4+ 26. Ke1 Bb8 27. Qa5 Rxd5 28. Rc3 Qe4+ 29. Kf1 Qh1+ 30. Ke2 Qxa1 31. Rxc5+ Rxc5 32. Qxc5+ Bc7 33. b4 Rd8 34. b5 Qd1+ 35. Ke3 Qe1# 0-1

[Event "Budapest op 4th"]
[Site "Budapest"]
[Date "2014.08.18"]
[Round "3"]
[White "Bodrogi, Laszlo"]
[Black "Kormos, Adam"]
[Result "0-1"]
[WhiteElo "1956"]
[BlackElo "2144"]
[PlyCount "122"]
[EventDate "2014.08.16"]
[EventType "swiss"]
[EventRounds "9"]
[EventCountry "HUN"]
[SourceTitle "CBM 161 Extra"]
[Source "ChessBase"]
[SourceDate "2014.08.29"]
[SourceVersion "1"]
[SourceVersionDate "2014.08.29"]
[SourceQuality "1"]

1. d4 d5 2. c4 dxc4 3. Nf3 Nf6 4. e3 e6 5. Bxc4 c5 6. 0-0 a6 7. Qe2 cxd4 8. exd4 Be7 9. Nc3 b5 10. Bb3 Bb7 11. Rd1 Nd5 12. Ne5 0-0 13. Qg4 f5 14. Qe2 b4 15. Na4 Nd7 16. Nf3 Rf6 17. Nc5 Nxc5 18. dxc5 Bxc5 19. Bg5 Qf8 20. Bxf6 Qxf6 21. Qe5 Qxe5 22. Nxe5 Be7 23. g3 Bf6 24. Re1 a5 25. Ba4 Nb6 26. Bb3 Bd5 27. Rac1 a4 28. Bxd5 Nxd5 29. Rc6 a3 30. bxa3 bxa3 31. Rxe6 Nc3 32. Re3 Nxa2 33. Nc4 Nc3 34. Re8+ Rxe8 35. Rxe8+ Kf7 36. Ra8 a2 37. Kf1 Ke6 38. Ke1 Kd5 39. Ne3+ Ke4 40. Nc2 Kf3 41. Kf1 Be7 42. Nd4+ Ke4 43. Nb3 Bg5 44. f4 Bf6 45. Ra5 Bd4 46. Nc1 Kf3 47. Nxa2 Nd1 48. Ra3+ Ne3+ 49. Kg1 Ke2 50. Nc1+ Ke1 51. Rd3 Nc2+ 52. Kg2 Be3 53. Nb3 Ke2 54. Rd7 Ne1+ 55. Kh3 g5 56. fxg5 Nf3 57. Re7 Kf2 58. Rc7 Bxg5 59. Rc2+ Kf1 60. g4 Ng1+ 61. Kg3 f4# 0-1